| 000 | 00835cam a2200217 4500 | ||
|---|---|---|---|
| 001 | WB3610-43 | ||
| 008 | 000000n2000 000 0 eng u | ||
| 035 | _a(Sirsi) u104661 | ||
| 245 | _aSellers wary of pack | ||
| 260 | _c2000 | ||
| 490 |
_aEstates Gazette _v(0009) 4 March 2000, 42(1) |
||
| 520 | _aThe Bristol-based pilot scheme for the use of seller's packs has highlighted the reluctance of vendors, as well as lenders and estate agents, to use them. The time-savings on the traditional process are also not as great as expected. | ||
| 590 | _aWB | ||
| 650 | _aSELLERS PACKS | ||
| 650 | _aSELLERS SURVEYS | ||
| 650 | _aBRISTOL | ||
| 650 | _aPILOT SCHEMES | ||
| 650 | _aPROPERTY-RESIDENTIAL PROPERTY-ACQUISITION AND DISPOSAL OF RESIDENTIAL PROPERTY | ||
| 690 | _aPROPERTY AND LAND LAW-AGENCY-RESIDENTIAL | ||
| 942 | _n0 | ||
| 999 |
_c62796 _d62796 |
||